Dizertačné práce 1983 Slovenská národná bibliografia

Guardado en:
Detalles Bibliográficos
Formato: Libro
Lenguaje:eslovaco
Publicado: Martin Matica slovenská 1986
Etiquetas: Agregar Etiqueta
Sin Etiquetas, Sea el primero en etiquetar este registro!

MARC

LEADER 00000nam a2200000 4500
001 c029157
005 20250820100052.9
041 0 |a slo 
044 |a SK 
245 1 0 |a Dizertačné práce 1983  |b Slovenská národná bibliografia 
264 1 |a Martin  |b Matica slovenská  |c 1986 
300 |a 124 s.